Royal Thimphu College e-business strategy for educational institution : (Record no. 3891)

MARC details
000 -LEADER
fixed length control field 00725nam a2200181 4500
001 - CONTROL NUMBER
control field 4686
005 - DATE AND TIME OF LATEST TRANSACTION
control field 20181127173930.0
090 00 - LOCALLY ASSIGNED LC-TYPE CALL NUMBER (OCLC); LOCAL CALL NUMBER (RLIN)
Classification number (OCLC) (R) ; Classification number, CALL (RLIN) (NR) BCom BIM-304
245 00 - TITLE STATEMENT
Title Royal Thimphu College e-business strategy for educational institution :
Remainder of title e-learning system for RTC /
Statement of responsibility, etc. Student Work.
Medium
260 00 - PUBLICATION, DISTRIBUTION, ETC.
Place of publication, distribution, etc. [Thimphu] :
Name of publisher, distributor, etc. [Royal Thimphu College],
Date of publication, distribution, etc. 2014.
300 ## - PHYSICAL DESCRIPTION
Extent 22 leaves.
Other physical details
Dimensions
Accompanying material
500 ## - GENERAL NOTE
General note Student research project for Bcom: e-commerce(2014): G T Bakyaraj, lecturer.
General note Spiral-bound xerographic copy.
650 ## - SUBJECT ADDED ENTRY--TOPICAL TERM
Topical term or geographic name entry element Education, Higher --Bhutan.
Form subdivision
General subdivision
Chronological subdivision
Geographic subdivision
Source of heading or term
Topical term or geographic name entry element International trade --Computer network resources.
Form subdivision
General subdivision
Chronological subdivision
Geographic subdivision
Source of heading or term
Topical term or geographic name entry element Corporations, Bhutan.
General subdivision
Topical term or geographic name entry element Information technology --Management..
General subdivision
Holdings
Withdrawn status Lost status Damaged status Not for loan Collection code Home library Current library Shelving location Serial Enumeration / chronology Inventory number Total Checkouts Full call number Barcode Date last seen Price effective from Koha item type
        STORAGE RTC Library RTC Library STORAGE 7411   BCom BIM-304 No.1STORAGE 30007468 27/11/2018 27/11/2018 Storage
Royal Thimphu College || All Right Reserved